Introduction to pharmaceutical calculations / (Record no. 21401)
[ view plain ]
| 000 -LEADER | |
|---|---|
| fixed length control field | 00955cam a22003015a 4500 |
| 001 - CONTROL NUMBER | |
| control field | 013183766 |
| 003 - CONTROL NUMBER IDENTIFIER | |
| control field | OSt |
| 005 - DATE AND TIME OF LATEST TRANSACTION | |
| control field | 20160314130659.0 |
| 008 - FIXED-LENGTH DATA ELEMENTS--GENERAL INFORMATION | |
| fixed length control field | 050426r20092005enka frb 001 0 eng d |
| 020 ## - INTERNATIONAL STANDARD BOOK NUMBER | |
| International Standard Book Number | 9780853696032 (pbk.) |
| 040 ## - CATALOGING SOURCE | |
| Original cataloging agency | Uk |
| Language of cataloging | eng |
| Transcribing agency | Uk |
| Modifying agency | EG-ScBUE |
| 082 04 - DEWEY DECIMAL CLASSIFICATION NUMBER | |
| Classification number | 615.1401513 |
| Item number | REE |
| Edition number | 22 |
| 100 1# - MAIN ENTRY--PERSONAL NAME | |
| Personal name | Rees, Judith A. |
| 9 (RLIN) | 30050 |
| 245 10 - TITLE STATEMENT | |
| Title | Introduction to pharmaceutical calculations / |
| Statement of responsibility, etc | Judith A. Rees, Ian Smith, Brian Smith. |
| 250 ## - EDITION STATEMENT | |
| Edition statement | 2nd ed., Reprinted ed. |
| 260 ## - PUBLICATION, DISTRIBUTION, ETC. (IMPRINT) | |
| Place of publication, distribution, etc | London : |
| Name of publisher, distributor, etc | Pharmaceutical Press, |
| Date of publication, distribution, etc | 2009. |
| 300 ## - PHYSICAL DESCRIPTION | |
| Extent | xi, 226 p. : |
| Other physical details | ill. ; |
| Dimensions | 24 cm. |
| 500 ## - GENERAL NOTE | |
| General note | Previous ed. : 2001. |
| 500 ## - GENERAL NOTE | |
| General note | Reprint of the 2005 ed.<br/> |
| 500 ## - GENERAL NOTE | |
| General note | Index : p. [223]-226. |
| 504 ## - BIBLIOGRAPHY, ETC. NOTE | |
| Bibliography, etc | Includes bibliographical references. |
| 650 #7 - SUBJECT ADDED ENTRY--TOPICAL TERM | |
| Topical term or geographic name as entry element | Pharmaceutical arithmetic. |
| Source of heading or term | BUEsh |
| 9 (RLIN) | 36715 |
| 651 ## - SUBJECT ADDED ENTRY--GEOGRAPHIC NAME | |
| Source of heading or term | BUEsh |
| 653 ## - INDEX TERM--UNCONTROLLED | |
| Resource For college | Pharmacy |
| Arrived date list | March2016 |
| 700 1# - ADDED ENTRY--PERSONAL NAME | |
| Personal name | Smith, Brian, |
| Dates associated with a name | -2000. |
| 700 1# - ADDED ENTRY--PERSONAL NAME | |
| Personal name | Smith, Ian, |
| Dates associated with a name | 1959 November 24- |
| 942 ## - ADDED ENTRY ELEMENTS (KOHA) | |
| Source of classification or shelving scheme | Dewey Decimal Classification |
| Withdrawn status | Item status | Source of classification or shelving scheme | Damaged status | Not for loan | Vendor | Home library | Current library | Shelving location | Date acquired | Source of acquisition | Cost, normal purchase price | Serial Enumeration / chronology | Total Checkouts | Total Renewals | Full call number | Barcode | Checked out | Date last seen | Date last borrowed | Koha item type |
|---|---|---|---|---|---|---|---|---|---|---|---|---|---|---|---|---|---|---|---|---|
| Dewey Decimal Classification | Central Library | Central Library | First floor | 14/03/2016 | Purchase | 275.00 | 1 | 3 | 2 | 615.1401513 REE | 000032030 | 03/03/2026 | 01/02/2026 | 01/02/2026 | Book - Borrowing |